Lineamientos metodológicos de una estrategia de seguridad alimentaria

保存先:
書誌詳細
団体著者: CEPAL
フォーマット: テキスト
出版事項: s.l: CEPAL
タグ: タグ追加
タグなし, このレコードへの初めてのタグを付けませんか!

MARC

LEADER 00000 a a2200000 04500
001 22891
003
040
090 |a 157400  
110 |a CEPAL  
245 |a Lineamientos metodológicos de una estrategia de seguridad alimentaria  
260 |a s.l:   |b CEPAL  
300 |a 61 p  
999 |c 14676  |d 14676